Countries with Different Flags in 2000 - Statistics

General Stats
  • This quiz has been taken 26 times
    16 since last reset
  • The average score is 15 of 21
Answer Stats
Picture Answer % Correct
Ethiopia
100%
Afghanistan
80%
Argentina
80%
France
80%
Honduras
80%
Kyrgyzstan
80%
South Sudan
80%
Syria
80%
Vatican City
80%
Ecuador
70%
Iraq
70%
Italy
70%
Mauritania
70%
Paraguay
70%
Rwanda
70%
Democratic Republic of the Congo
60%
Georgia
60%
Libya
60%
Comoros
50%
Lesotho
50%
Myanmar
40%
No matching quizzes found
Score Distribution
Percent of People with Each Score
Percentile by Number Answered
Your Score History
You have not taken this quiz since the last reset